00384 2200157 4500001002100000005001500021035002000036245004900056100002000105300001200125260003300137082000800170084001400178020002200192990001200214INLIS00000000000184320250508015011 a0010-05250001351 aBuku Pintar Bintang Juara /cFebrinna Gladys0 aFebrinna Gladys a128 hlm aSurabaya :bMedia Utama Raya a600 a600 FEB b a978-602-9028-01-0 a0754758